000 00708nam a2200253 i 4500
003 DO-SdBNP
005 20260204124213.0
007 ta
008 260204s1992 dr o 000 0 spa d
040 _aDO-SdBNP
_bspa
_cBNPHU
_erda
041 _aspa
082 _axxx
_bF981
_222
100 _911765
110 _aFundación de Desarrollo Agropecuario
_916453
245 1 _aEstatutos generales
264 1 _aSanto Domingo :
_bFundación de Desarrollo Agropecuario,
_c1992
300 _a24 páginas ;
_c22 cm.
336 _2rdacontent
_atexto
_btxt
337 _2rdamedia
_asin mediación
_bn
338 _2rdacarrier
_avolumen
_bnc
590 _aInventariado, 2026/DG
910 _aDG
942 _2ddc
_cLF2
999 _c60220
_d60220